[Event "Litomysl op 20th"]
[Site "Litomysl"]
[Date "2018.12.28"]
[Round "4"]
[White "Rogge, Marloes"]
[Black "Macek, Jaroslav1111"]
[Result "1-0"]
[WhiteElo "1513"]
[BlackElo "1388"]
[PlyCount "91"]
[EventDate "2018.12.26"]
[EventType "swiss"]
[EventRounds "9"]
[EventCountry "CZE"]
[SourceTitle "CBM 188 Extra"]
[Source "ChessBase"]
[SourceDate "2019.02.26"]
[SourceVersion "1"]
[SourceVersionDate "2019.02.26"]
[SourceQuality "1"]

1. e4 c5 2. Nf3 d6 3. Bb5+ Bd7 4. Bxd7+ Nxd7 5. 0-0 Ngf6 6. Re1 g6 7. c3 Bg7 8. d4 cxd4 9. cxd4 0-0 10. Nc3 e6 11. Bf4 Nb6 12. Rb1 Rc8 13. Nb5 d5 14. e5 Ne8 15. b3 Qd7 16. Qd3 Nc7 17. Nd6 Rb8 18. Qd2 Nc8 19. Nxc8 Rfxc8 20. Bg5 Qe8 21. Qf4 Qf8 22. Qh4 Re8 23. h3 h6 24. Bf6 Bxf6 25. exf6 Nb5 26. Re3 Rbc8 27. Kh2 Nd6 28. g4 Rc2 29. Ne5 Rd8 30. Kg1 Rxa2 31. Rc1 h5 32. Nf3 Qh6 33. g5 Qf8 34. Rec3 Ne4 35. Rc7 Nd6 36. Ne5 Rc8 37. Nxf7 Rxc7 38. Nh6+ Kh8 39. Rxc7 Ra6 40. Qf4 Rc6 41. Rg7 a6 42. Qe5 Nf5 43. Rg8+ Qxg8 44. Nxg8 Kxg8 45. Qb8+ Kf7 46. Qxb7+ 1-0